LEADER 01137nam0-22003611i-450- 001 990004285920403321 005 20080409135845.0 010 $a88-339-0657-4 035 $a000428592 035 $aFED01000428592 035 $a(Aleph)000428592FED01 035 $a000428592 100 $a19990604d1992----km-y0itay50------ba 101 0 $aita 105 $ay-------001yy 200 1 $aRabbia e vendicativita'$fBowlby John, Kohut Heinz, Searles Harold F., Socarides, Charles W.$gscritti di John Bowlby ... [et al.] 210 $aTorino$cBoringhieri$d1992 215 $a130 p.$d18 cm 225 1 $aBiblioteca Bollati Boringhieri$eL'Osservazione Psicoanalitica$v2 610 0 $aAggressività 676 $a155.2$v21$zita 702 1$aBowlby,$bJohn 702 1$aKohut,$bHeinz 702 1$aSearles,$bHarold Frederic$f<1918- > 702 1$aSocarides,$bCharles W. 801 0$aIT$bUNINA$gRICA$2UNIMARC 901 $aBK 912 $a990004285920403321 952 $aP.1 PSI 185$bBibl. 12927$fFLFBC 952 $aP.1 PSI 185 BIS$bBibl. 14926$fFLFBC 959 $aFLFBC 996 $aRabbia e vendicatività$9185153 997 $aUNINA LEADER 01200nam 2200409 450 001 9910826974403321 005 20230627164944.0 010 $a1-4522-9504-2 010 $a1-4522-8252-8 035 $a(MiAaPQ)EBC1077668 035 $a(EXLCZ)993710000000456810 100 $a20150824h20082008 uy 0 101 0 $aeng 135 $aurun#|||uuuuu 200 10$aDifferentiation through learning styles and memory /$fMarilee Sprenger ; cover designer, Scott Van Atta 205 $a2nd ed. 210 1$aThousand Oaks $cCorwin Press$d2008 215 $axvii, 165p. ; ?b ill 300 $aDescription based upon print version of record. 311 $a1-4129-5545-9 311 $a1-4129-5544-0 320 $aIncludes bibliographical references and index. 606 $aLearning 606 $aMemory 606 $aBrain 615 0$aLearning. 615 0$aMemory. 615 0$aBrain. 676 $a370.1523 700 $aSprenger$b Marilee$f1949-$01479599 701 $aAtta$b Scott Van$01723702 801 0$bMiAaPQ 801 2$bt 906 $aBOOK 912 $a9910826974403321 996 $aDifferentiation through learning styles and memory$94125163 997 $aUNINA